00380nam a2200133Ia 4500008004100000020001500041041001200056100001500068245008400083260004000167300000800207650001100215700002000226221030s9999 xx 000 0 und d a1259004599 aEnglish aS. Mahajan 0aElectricity, Magnetism & Electromagnetic Theorycby S. Mahajan, S. R. Choudhary bMcGraw - Hill Pub.aNew Delhic2012 a589 aBB EMT aS. R. Choudhary